000 005660000a22001810004500
999 _c62929
_d62929
001 768714001
003 CO-MdFUSB
005 20180504160157.0
008 180504s2008 cr ||||| |||| 00| 0 spa d
040 _aCO-MdFUSB
_bspa
_cCO-MdFUSB
_dCO-MdFUSB
041 _aspa
100 1 _aZelaya, Hugo M.
_eautor
245 1 0 _aLa fe y las obras son inesperables
300 _aVolumen 8. Número 3 (2008), páginas 34 - 37
_c: 28 cm.
650 1 4 _aFE
773 0 _tConquista Cristiana
_049446
_960252
_gVolumen 8. Número 3 (2008), páginas 34 - 37
_q página 34
942 _cANA